[Event "TCh-AUT 2 Mitte 2011-12"]
[Site "St Valentin AUT"]
[Date "2011.10.21"]
[Round "1"]
[White "Titz,Hei"]
[Black "Enoeckl,P"]
[Result "1/2-1/2"]
[WhiteElo "2202"]
[BlackElo "2292"]

1.c4 g6 2.e4 Bg7 3.d4 d6 4.Nc3 Nf6 5.Nf3 O-O 6.Be2 e5 7.Be3 Ng4 8.Bg5 f6
9.Bh4 g5 10.Bg3 Nh6 11.c5 g4 12.Nh4 Nc6 13.cxd6 cxd6 14.dxe5 dxe5 15.Bc4+ Kh8
16.O-O Nd4 17.Nb5 Nxb5 18.Bxb5 Be6 19.Qe2 Qb6 20.Rfd1 Rfd8 21.b3 Rxd1+ 22.Rxd1 Rd8
23.Rxd8+ Qxd8 24.Qc2 Qc8 25.Qxc8+ Bxc8 26.Bc4 Bf8 27.f3 Bc5+ 28.Bf2 Bxf2+
29.Kxf2 Kg7 30.Ke3 gxf3 31.Nxf3 Nf7 32.Bd5 Nd6 33.Nd2 b6 34.Nc4 Nxc4+ 35.Bxc4 Kg6
36.b4 Kg5 37.a3 Bb7 38.Bf1 h5 39.Bd3 f5 40.g3 f4+ 41.Kf3 h4 42.gxf4+ exf4
43.Bc4 Bc8 44.e5 Bb7+ 45.Kf2 Be4 46.e6 Kf6 47.Bb3 Bc6 48.Ke2 Ke5 49.Kf2 Be8
50.e7 Kf5 51.Bc4 Ke5  1/2-1/2

[Event "TCh-AUT 2 Mitte 2011-12"]
[Site "St Valentin AUT"]
[Date "2011.10.21"]
[Round "1"]
[White "Kozul,Z"]
[Black "Supancic,D"]
[Result "1-0"]
[WhiteElo "2541"]
[BlackElo "2368"]

1.d4 Nf6 2.Nf3 d6 3.c4 Nbd7 4.Nc3 e5 5.e4 g6 6.Be2 Bg7 7.O-O O-O 8.Qc2 c6
9.Rd1 Qe7 10.d5 c5 11.a3 h6 12.b4 b6 13.Rb1 Ne8 14.Bd3 Nc7 15.Be3 Nf6 16.h3 Nh5
17.bxc5 bxc5 18.Qa4 Nf6 19.Rb2 Nfe8 20.Rdb1 f5 21.Rb8 f4 22.Bd2 g5 23.Nh2 Bd7
24.Qa5 Rxb8 25.Rxb8 f3 26.g4 h5 27.Nd1 hxg4 28.hxg4 Kh7 29.Rb7 Bc8 30.Rxa7 Rf4
31.Ne3 Qf7 32.Qb6  1-0

[Event "33rd Arco Open"]
[Site "Arco ITA"]
[Date "2011.10.22"]
[Round "1"]
[White "Pieri,E"]
[Black "Bergen,K"]
[Result "1/2-1/2"]
[WhiteElo "1729"]
[BlackElo "1954"]

1.d4 Nf6 2.c4 g6 3.Nc3 Bg7 4.Nf3 d6 5.e4 O-O 6.Be2 e5 7.dxe5 dxe5 8.Qxd8 Rxd8
9.Nxe5 Nxe4 10.Nxe4 Bxe5 11.O-O f5 12.Nc3 c6 13.Bg5 Re8 14.Bf3 Be6 15.Rfe1 Nd7
16.Rad1 Kf7 17.Na4 Kg7 18.Nc5 Bxh2+ 19.Kxh2 Nxc5 20.Re5 Ne4 21.Bxe4 fxe4
22.Rxe4  1/2-1/2

[Event "26th Le Touquet Open"]
[Site "Le Touquet FRA"]
[Date "2011.10.22"]
[Round "1.14"]
[White "Durpaire,A"]
[Black "Safranska,A"]
[Result "0-1"]
[WhiteElo "1946"]
[BlackElo "2274"]

1.Nf3 Nf6 2.c4 g6 3.Nc3 Bg7 4.d4 O-O 5.e4 d6 6.Be2 Na6 7.O-O e5 8.h3 exd4
9.Nxd4 Nc5 10.f3 Nh5 11.Be3 Ng3 12.Re1 f5 13.exf5 Nxf5 14.Nxf5 Bxf5 15.Qd2 a5
16.Rad1 Qc8 17.Nd5 Rf7 18.Bf1 Qf8 19.Bf2 b6 20.Nc3 Bc8 21.b3 Kh8 22.Nd5 Ne6
23.Re2 Nf4 24.Nxf4 Rxf4 25.Qxf4 Qxf4 26.Re8+ Bf8 27.Bd4+ Kg8 28.c5 Bb7 29.Be3 Qf7
30.Bc4 Rxe8  0-1

[Event "TCh-SVK Extraliga 2011-12"]
[Site "Slovakia SVK"]
[Date "2011.10.22"]
[Round "1"]
[White "Vovk,Y"]
[Black "Rojicek,V"]
[Result "1-0"]
[WhiteElo "2577"]
[BlackElo "2406"]

1.d4 Nf6 2.c4 d6 3.Nf3 g6 4.Nc3 Bg7 5.e4 O-O 6.Be2 Nbd7 7.O-O e5 8.Qc2 c6
9.Rd1 Qe7 10.Rb1 exd4 11.Nxd4 Nc5 12.f3 a5 13.Be3 a4 14.Qd2 a3 15.b4 Na4
16.Nxa4 Rxa4 17.Nc2 Ne8 18.Rb3 Be6 19.Rxa3 Rxa3 20.Nxa3 Nc7 21.Nc2 Ra8 22.a3 d5
23.exd5 cxd5 24.c5 Qd7 25.Bd4 Bxd4+ 26.Qxd4 Qa4 27.Bd3 Nb5 28.Qb2 Bd7 29.Bxb5 Qxb5
30.Rxd5 Bc6 31.Rd2 Re8 32.Kf2 Qc4 33.Qd4 Qe6 34.Ne3 h5 35.Qc3 Qe7 36.Rd4 Qe5
37.h4 Kh7 38.Qd2 Qh2 39.Nf1 Qh1 40.Qd3  1-0

[Event "26th Reinis Open"]
[Site "Spijkenisse NED"]
[Date "2011.10.22"]
[Round "4.4"]
[White "L'Ami,E"]
[Black "Solleveld,Maa"]
[Result "1-0"]
[WhiteElo "2592"]
[BlackElo "2502"]

1.d4 Nf6 2.c4 g6 3.Nc3 Bg7 4.e4 d6 5.Nf3 O-O 6.Be2 e5 7.Be3 Ng4 8.Bg5 f6
9.Bh4 g5 10.Bg3 Nh6 11.h3 Nc6 12.d5 Ne7 13.Qd2 Ng6 14.O-O-O Nf4 15.Ne1 f5
16.f3 fxe4 17.fxe4 g4 18.hxg4 Nxe2+ 19.Nxe2 Bxg4 20.Nf3 Qf6 21.Rh4 Qg6 22.Rdh1 Nf7
23.Rxh7 Qxe4 24.R7h4 Bf6 25.Nc3 Qg6 26.Rxg4 Qxg4 27.Qd3 Nh6 28.Ne4 Bg7 29.Rh2 Qf5
30.Kc2 Ng4 31.Rh1 Nf6 32.Nfg5 Nxe4 33.Nxe4 Qg6 34.Nc5 Qxd3+ 35.Nxd3 c6 36.Nf2 cxd5
37.cxd5 Rac8+ 38.Kb3 Rc5 39.Rd1 Rb5+ 40.Ka3 Rf6 41.Ne4 Rg6 42.Be1 Rxg2 43.Bc3 Bf8
44.Ka4 a6 45.Ka3 Be7 46.Rd3 Rg4 47.Nd2 Rc5 48.Kb3 Kf7 49.a4 Ke8 50.Bb4 Rc1
51.Bc3 Ra1 52.a5 Kd7 53.Rh3 Rg7 54.Nc4 Rf1 55.Nb6+ Kc7 56.Rh8 Rf8 57.Rh6 Bg5
58.Re6 Rd8 59.Nc4 Re7 60.Rg6 Bf4 61.Bb4 e4 62.Rf6 Be5 63.Rf5 e3 64.Nxe3 Bxb2
65.Nc4 Be5 66.Rh5 Bf4 67.Rf5 Be5 68.Bd2 Rg8 69.Be3 Rg6 70.Kb4 Rg4  1-0

[Event "Chigorin Memorial Open"]
[Site "St Petersburg RUS"]
[Date "2011.10.22"]
[Round "9.67"]
[White "Demianjuk,A"]
[Black "Menkov,Aleksandr"]
[Result "1/2-1/2"]
[WhiteElo "2319"]
[BlackElo "2152"]

1.d4 Nf6 2.c4 g6 3.Nc3 Bg7 4.e4 d6 5.Nf3 O-O 6.Be2 Nbd7 7.O-O e5 8.Be3 c6
9.d5 c5 10.Nd2 Ne8 11.a3 f5 12.f3 Bf6 13.b4 f4 14.Bf2 Bh4 15.Qe1 Bxf2+ 16.Qxf2 g5
17.Nb3 b6 18.Rab1 a5 19.bxa5 bxa5 20.Nd2 Rf7 21.Rb2 h5 22.Rfb1 Rg7 23.h3 Nef6
24.Kf1 g4 25.hxg4 hxg4 26.Ke1 Rh7 27.fxg4 Rh1+ 28.Nf1 Nf8 29.Kd2 Nxg4 30.Bxg4 Bxg4
31.Kc2 Qg5 32.Nd2 Rh2 33.Nf1 Rh6 34.g3 Nd7 35.gxf4 exf4 36.Nd2 Ne5 37.Rg1 Rg6
38.Rh1 Rh6 39.Rg1 Rf8 40.Nf3 Nxf3 41.Qxf3 Rg6 42.Qf2 f3 43.Rbb1 Qf4 44.Rg3 Bh5
45.Rbg1 Rf6 46.Kd3 Kf7 47.Rxg6 Bxg6 48.Rf1 Qg4  1/2-1/2

[Event "TCh-AUT 2 Mitte 2011-12"]
[Site "St Valentin AUT"]
[Date "2011.10.22"]
[Round "2"]
[White "Tratar,M"]
[Black "Mohr,G"]
[Result "1-0"]
[WhiteElo "2477"]
[BlackElo "2492"]

1.d4 Nf6 2.Nf3 g6 3.c4 Bg7 4.Nc3 O-O 5.e4 d6 6.Be2 c6 7.O-O e5 8.d5 Na6 9.Ne1 Nc5
10.f3 cxd5 11.cxd5 a5 12.Be3 b6 13.Qd2 Ne8 14.Nd3 Nc7 15.Rab1 N7a6 16.b3 Nxd3
17.Bxd3 Nc5 18.Bb5 Bd7 19.Bxd7 Qxd7 20.Qe2 f5 21.Qb5 Qxb5 22.Nxb5 fxe4 23.Bxc5 bxc5
24.fxe4 Rxf1+ 25.Rxf1 Bf8 26.a4 Be7 27.Rf3 h5 28.Kf1 Kg7 29.Ke2 g5 30.Na3 g4
31.Rf5 Rb8 32.Nb5 Kg6 33.Kd3 h4 34.Kc3 Rb7 35.Na3 Ra7 36.Nc4 Ra8 37.Ne3 Bg5
38.Nc4 Be7 39.Rf1 Ra7 40.Ne3 Bg5 41.Nc4 Be7 42.g3 h3 43.Kc2 Ra8 44.Ne3 Bg5
45.Nc4 Be7 46.Kd3 Ra7 47.Kc3 Ra8 48.Ne3 Bg5 49.Nxg4 Rb8 50.Re1 Rf8 51.Re2 Rf3+
52.Kc4 Kh5 53.Nf2 Be3 54.Nd3 Bd4 55.Ne1 Rc3+ 56.Kb5 Rxb3+ 57.Kc6 Kg4 58.Kxd6 c4
59.Kc7 c3 60.d6 Rb2 61.Rc2 Rb1 62.d7 Bb6+ 63.Kc6 Bd8 64.Nd3 Kf3 65.Nxe5+ Kxe4
66.Nf7 Kd3 67.Rxc3+  1-0

[Event "TCh-CZE Liga1 Vychod"]
[Site "Czech Rep CZE"]
[Date "2011.10.23"]
[Round "2"]
[White "Obsivac, Josef"]
[Black "Rubal, Adam"]
[Result "1/2-1/2"]
[WhiteElo "2274"]
[BlackElo "2232"]

1.d4 g6 2.c4 Bg7 3.Nf3 Nf6 4.Nc3 O-O 5.e4 d6 6.Be2 e5 7.d5 Na6 8.h3 Nc5 9.Qc2 a5
10.Bg5 Bd7 11.Nd2 Qe8 12.Nb5 Qb8 13.O-O h5 14.Be3 Nh7 15.Nb3 b6 16.Nxc5 bxc5
17.f4 exf4 18.Bxf4 Bxb5 19.cxb5 Nf6 20.e5 Nxd5 21.Bc4 Nb6 22.exd6 Nxc4 23.Qxc4 cxd6
24.Rad1 Bd4+ 25.Kh1 d5 26.Qxd5 Qxb5 27.Bh6 Bg7 28.Rxf7 Rxf7 29.Qxa8+ Kh7
30.Bxg7 Kxg7  1/2-1/2

[Event "TCh-SVK Extraliga 2011-12"]
[Site "Slovakia SVK"]
[Date "2011.10.23"]
[Round "2"]
[White "Michalik,P"]
[Black "Vajda,Le"]
[Result "1-0"]
[WhiteElo "2511"]
[BlackElo "2557"]

1.d4 Nf6 2.Nf3 g6 3.c4 Bg7 4.Nc3 O-O 5.e4 d6 6.Be2 Nbd7 7.O-O e5 8.Be3 h6
9.dxe5 dxe5 10.Nd2 a5 11.Qc2 c6 12.c5 Ne8 13.Nc4 Nc7 14.Bg4 f5 15.exf5 Qh4
16.f6 Qxg4 17.fxg7 Kxg7 18.Qd3 Qe6 19.Rfe1 Na6 20.Nxe5 Nxe5 21.Bd4 Rf5 22.Bxe5+  1-0

[Event "TCh-SVK Extraliga 2011-12"]
[Site "Slovakia SVK"]
[Date "2011.10.23"]
[Round "2"]
[White "Kaniansky,M"]
[Black "Varga,Dav"]
[Result "1/2-1/2"]
[WhiteElo "2199"]
[BlackElo "2355"]

1.d4 Nf6 2.Nf3 g6 3.c4 Bg7 4.Nc3 O-O 5.e4 d6 6.Be2 e5 7.d5 Nh5 8.g3 f5 9.exf5 Bxf5
10.Ng5 Nf6 11.g4 Bc8 12.h4 h6 13.Nge4 Nbd7 14.Ng3 Nc5 15.g5 hxg5 16.Bxg5 Qe8
17.b4 Na6 18.Qb3 e4 19.O-O-O Bf5 20.Nxf5 gxf5 21.h5 Kh7 22.h6 Bh8 23.f3 exf3
24.Bxf3 Ne4 25.Nxe4 fxe4 26.Bh5 Qe5 27.Be3 Rf5 28.Bg4 Rg5 29.Bd4 Qf4+ 30.Be3 Qe5
31.Bd4 Qf4+ 32.Be3 Qe5  1/2-1/2

[Event "TCh-AUT 2 Mitte 2011-12"]
[Site "St Valentin AUT"]
[Date "2011.10.23"]
[Round "3"]
[White "Enoeckl,P"]
[Black "Hatzl,S"]
[Result "1-0"]
[WhiteElo "2292"]
[BlackElo "2162"]

1.d4 Nf6 2.c4 g6 3.Nc3 Bg7 4.e4 d6 5.Be2 O-O 6.Nf3 e5 7.O-O Nbd7 8.Re1 c6
9.Rb1 exd4 10.Nxd4 Re8 11.Bf1 Ng4 12.Qxg4 Bxd4 13.Qg3 Qf6 14.Be3 Bxe3 15.Rxe3 Ne5
16.Rd1 h5 17.f4 Ng4 18.Red3 Qd8 19.h3 Qb6+ 20.Rd4 Nf6 21.Kh2 Qxb2 22.Rxd6 Kg7
23.R1d2 Qa1 24.Rd1 Qb2 25.f5 h4 26.Qe3 Rxe4 27.Nxe4 Qe5+ 28.Kg1 Qxe4 29.Qxe4 Nxe4
30.Rd8 gxf5 31.Bd3 b5  1-0

[Event "33rd Arco Open"]
[Site "Arco ITA"]
[Date "2011.10.24"]
[Round "3"]
[White "Anfuso,L"]
[Black "Roversi,S"]
[Result "0-1"]
[WhiteElo "1767"]
[BlackElo "1822"]

1.d4 Nf6 2.c4 g6 3.Nc3 Bg7 4.e4 d6 5.Nf3 O-O 6.Be2 Nbd7 7.O-O e5 8.d5 Nc5
9.Qc2 a5 10.Ne1 Ne8 11.Nd3 Nxd3 12.Bxd3 f5 13.exf5 gxf5 14.f4 e4 15.Be2 Bd4+
16.Kh1 Qh4 17.Qd1 Bf2 18.g3 Bxg3 19.Rg1  0-1

[Event "33rd Arco Open"]
[Site "Arco ITA"]
[Date "2011.10.25"]
[Round "4"]
[White "Maurer,F"]
[Black "Collutiis,D"]
[Result "1/2-1/2"]
[WhiteElo "2169"]
[BlackElo "2474"]

1.d4 d6 2.c4 e5 3.Nf3 Nd7 4.Nc3 Ngf6 5.e4 g6 6.Be2 Bg7 7.O-O O-O 8.Re1 c6
9.h3 exd4 10.Nxd4 Re8 11.Bf1 Nc5 12.Qc2 Nfxe4 13.Nxe4 Bxd4 14.Bg5 Qd7 15.Nf6+ Bxf6
16.Bxf6 Re6 17.Bc3 Qe7 18.f3 Rxe1 19.Rxe1 Be6 20.b3 Nd7 21.Qd2 a6 22.Kh1 Re8
23.f4 f6 24.g4 Qf8 25.g5 d5 26.Bg2 Qf7 27.cxd5 cxd5 28.Qd4 Nf8 29.Kh2 Rd8
30.Qb6 Rc8 31.Bxf6 Rc2 32.Kg1 Qd7 33.Qe3 Rxa2 34.Bc3 d4 35.Bxd4 Bd5 36.Bf1 Qd6
37.Qe7 Qxe7 38.Rxe7 Ne6 39.Be5 Bxb3  1/2-1/2

[Event "1st Central Asia Cup"]
[Site "Tashkent UZB"]
[Date "2011.10.25"]
[Round "8.21"]
[White "Ismailov,M"]
[Black "Rustamov,Al"]
[Result "1-0"]
[WhiteElo "2107"]
[BlackElo "2201"]

1.d4 Nf6 2.c4 g6 3.Nc3 Bg7 4.e4 d6 5.Nf3 O-O 6.Be2 e5 7.Be3 Ng4 8.Bg5 f6
9.Bc1 Nc6 10.d5 Ne7 11.h3 Nh6 12.h4 Nf7 13.h5 g5 14.Rg1 g4 15.Nh4 f5 16.exf5 Nxd5
17.Nxd5 Qxh4 18.Nxc7 Rb8 19.g3 Qd8 20.Ne6 Bxe6 21.fxe6 Ng5 22.Bxg4 Qf6 23.Be3 Kh8
24.Qd2 Bh6 25.Qe2 b5 26.Bxg5 Bxg5 27.cxb5 d5 28.Kf1 d4 29.Kg2 d3 30.Qf3 Rxb5
31.Qxf6+ Bxf6 32.b3 e4 33.Rac1 Bd4 34.e7 Re8 35.Bd7 Rbb8 36.Bxe8 Rxe8 37.Rc4 Bf6
38.Rxe4 Kg7 39.Rd1 Kf7 40.Rxd3 Bxe7 41.Rf3+  1-0

[Event "26th Le Touquet Open"]
[Site "Le Touquet FRA"]
[Date "2011.10.26"]
[Round "6.20"]
[White "Feryn,A"]
[Black "O'Sullivan,Thomas"]
[Result "1-0"]
[WhiteElo "2062"]
[BlackElo "1810"]

1.d4 Nf6 2.c4 g6 3.Nc3 Bg7 4.e4 d6 5.Nf3 O-O 6.Be2 e5 7.O-O c6 8.h3 Qe7 9.dxe5 dxe5
10.Be3 Nh5 11.Na4 b6 12.Qc1 Nf4 13.Bxf4 exf4 14.Qxf4 Qb4 15.Bd1 Qxc4 16.Bb3 Qb4
17.Rac1 b5 18.Nc5 Na6 19.Nxa6 Bxa6 20.Ng5 Qe7 21.Rxc6 h6 22.Nxf7 Bb7 23.Rc7  1-0

[Event "Chinese League"]
[Site "Qingdao CHN"]
[Date "2011.10.26"]
[Round "13"]
[White "Guo Qi"]
[Black "Gu Xiaobing"]
[Result "1-0"]
[WhiteElo "2331"]
[BlackElo "2369"]

1.d4 Nf6 2.Nf3 g6 3.c4 Bg7 4.Nc3 d6 5.e4 O-O 6.Be2 e5 7.O-O Na6 8.Re1 c6
9.Be3 Ng4 10.Bg5 Qe8 11.h3 f6 12.Bh4 Nh6 13.Qc2 Nf7 14.Rad1 Nc7 15.Bf1 Ne6
16.d5 Nf4 17.b4 cxd5 18.Nxd5 Nxd5 19.cxd5 a5 20.Rb1 Qd8 21.b5 Bd7 22.Nd2 Qb6
23.Kh1 f5 24.f3 fxe4 25.fxe4 Nh6 26.Qd3 Rac8 27.Nc4 Qc7 28.Be2 Rf7 29.Qa3 Bf8
30.Bg5 Rf2 31.Bd3 Qc5 32.Qxc5 dxc5 33.Nb6 Nf7 34.Be3 Rxa2 35.Nxd7 Ra3 36.Bf1 Rc7
37.Nxf8 Kxf8 38.b6 Rc8 39.Rbc1  1-0

[Event "ch-CRC 2011"]
[Site "San Jose CRC"]
[Date "2011.10.26"]
[Round "9"]
[White "Alfaro Rojas,A"]
[Black "Valdes,Le"]
[Result "1/2-1/2"]
[WhiteElo "2239"]
[BlackElo "2387"]

1.d4 Nf6 2.c4 g6 3.Nc3 Bg7 4.e4 d6 5.Nf3 O-O 6.Be2 Nbd7 7.O-O e5 8.Be3 Re8
9.d5 Nh5 10.g3 Bf8 11.Nh4 Nf4 12.Ng2 Nxe2+ 13.Qxe2 Bg7 14.b4 f5 15.f3 f4
16.Bd2 Rf8 17.Ne1 h5 18.Nd3 Kh7 19.Kf2 Rf7 20.Ke1 Nf8 21.Kd1 c6 22.Rc1 g5
23.gxf4 exf4 24.h4 g4 25.Nxf4 gxf3 26.Qd3 Be5 27.Rxf3 Bg4 28.Kc2 Ng6 29.Rcf1 Bxf4
30.Rxf4 Nxf4 31.Rxf4 Rxf4 32.Bxf4 Qf8 33.Qg3 Rd8 34.Bg5 Rd7 35.Bf4 Qf6 36.c5 dxc5
37.bxc5 Rf7 38.Bg5 Qd4 39.Be3 Qg7 40.Qd6 Rd7 41.Qf4 Rf7 42.Qg5 Qxg5 43.Bxg5 cxd5
44.exd5 Kg6 45.Kd3 Rf2 46.Kd4 Rc2 47.a3 Bd7 48.Ne4 Ra2 49.Nd6 Rxa3 50.Nxb7 Bc8
51.Nd6 Bh3 52.Ne4 Ra4+ 53.Ke5 Rc4 54.c6 a5 55.Nd6 Rc2 56.Kd4 a4 57.Nc4 Bg2
58.Ne3 Rf2 59.Be7 Rf4+ 60.Kd3 Rf3 61.Ke2 Rxe3+ 62.Kxe3 Bxd5 63.c7 Be6 64.Kd4 Kf5
65.Kc3 Bd7 66.Kb4 Kg4 67.Ka5 a3 68.Bxa3 Kxh4 69.Kb6 Kg4 70.Kb7 h4 71.c8=Q Bxc8+
72.Kxc8 h3 73.Bd6 Kf3 74.Kd7 Kg2 75.Ke6 Kg1 76.Kf5 h2 77.Bxh2+ Kxh2  1/2-1/2

[Event "1st Central Asia Cup"]
[Site "Tashkent UZB"]
[Date "2011.10.26"]
[Round "9.22"]
[White "Farazi,K"]
[Black "Mamatkulova,M"]
[Result "1-0"]
[WhiteElo "2163"]
[BlackElo "2091"]

1.d4 Nf6 2.c4 g6 3.Nc3 Bg7 4.Nf3 O-O 5.e4 d6 6.Be2 Nbd7 7.O-O e5 8.d5 Nc5
9.Nd2 a5 10.Qc2 Nfd7 11.Nb3 f5 12.exf5 gxf5 13.f4 b6 14.Nxc5 bxc5 15.Kh1 exf4
16.Bxf4 Ne5 17.Rae1 Bd7 18.b3 Ng6 19.Bd3 Nxf4 20.Rxf4 Be5 21.Rf3 Qh4 22.g3 Qg4
23.Ref1 Rf6 24.Ne2 Raf8 25.Nf4 Bd4 26.Qd2 a4 27.bxa4 Bxa4 28.h3 Rh6 29.Kg2 Qg7
30.Ne6 Rxe6 31.dxe6 Bc6 32.Kh2 Bxf3 33.Rxf3 Be5 34.Kh1 Rb8 35.Bxf5 Bf6 36.Bc2 Rb2
37.Qd5 Qe7 38.Rxf6 Rxc2 39.Qa8+ Kg7 40.Rf7+ Qxf7 41.exf7  1-0

[Event "33rd Arco Open"]
[Site "Arco ITA"]
[Date "2011.10.27"]
[Round "6"]
[White "Ager,J"]
[Black "Paehtz,T sr"]
[Result "1/2-1/2"]
[WhiteElo "2190"]
[BlackElo "2437"]

1.Nf3 Nf6 2.c4 g6 3.Nc3 Bg7 4.e4 d6 5.d4 O-O 6.Be2 e5 7.O-O Na6 8.Be3 Ng4
9.Bg5 Qe8 10.h3 h6 11.Bc1 Nf6 12.dxe5 dxe5 13.Be3 b6 14.a3 Bb7 15.Qc2 Nh5
16.Rfe1 Nf4 17.Bf1 Ne6 18.Rad1 Nb8 19.Nd5 c6 20.Nc3 c5 21.b4 Nc6 22.Nd5 cxb4
23.axb4 Kh7 24.Bc1 Ncd4 25.Nxd4 Nxd4 26.Qb1 Qd8  1/2-1/2

[Event "Corsica Masters 2011"]
[Site "Bastia FRA"]
[Date "2011.10.27"]
[Round "8.9"]
[White "Battaglini,G"]
[Black "Picard,Re"]
[Result "1-0"]
[WhiteElo "2452"]
[BlackElo "2054"]

1.d4 Nf6 2.c4 g6 3.Nc3 Bg7 4.e4 d6 5.Nf3 O-O 6.Be2 e5 7.O-O Na6 8.Be3 Ng4
9.Bg5 Qe8 10.h3 h6 11.Bc1 exd4 12.Nxd4 Nf6 13.Bf3 Nh7 14.h4 Qe7 15.g3 c6
16.Be3 Nc5 17.Qd2 Nf6 18.Bxh6 Nfxe4 19.Nxe4 Nxe4 20.Qe3 Re8 21.Bxg7 Kxg7
22.Rfe1 f5 23.Bg2 Qf7 24.f3 Nf6 25.Qf4 Be6 26.b3 Rad8 27.Qg5 Bc8 28.Bh3 Rxe1+
29.Rxe1 Re8 30.Rd1 Re5 31.Qd2 Qe7 32.Bf1 Re3 33.Kf2 Re5 34.Ne2 d5 35.Nf4 b6
36.Qc3 Qc5+ 37.Kg2 Re3 38.Qb2 Bb7 39.cxd5 cxd5 40.Rc1 Qe7 41.Qd4 Kf7 42.Kf2 Re5
43.Bd3 Nh5 44.Nxh5 gxh5 45.Qf4 Kg7 46.Rc2 Kg6 47.Rc1 a6 48.b4 b5 49.a3 Qf6
50.Rc7 Qb6+ 51.Rc5 Qf6 52.Kg2 Re7 53.Kh3 Re1 54.Rc7 Ba8 55.g4 Re4 56.gxf5+  1-0

[Event "Chinese League"]
[Site "Qingdao CHN"]
[Date "2011.10.27"]
[Round "14"]
[White "Xiu,D"]
[Black "Wan Yunguo"]
[Result "1/2-1/2"]
[WhiteElo "2508"]
[BlackElo "2458"]

1.d4 Nf6 2.c4 g6 3.Nc3 Bg7 4.e4 d6 5.Nf3 O-O 6.Be2 e5 7.O-O Nbd7 8.Re1 c6
9.Bf1 a5 10.Rb1 Re8 11.b3 exd4 12.Nxd4 Ng4 13.f3 Qb6 14.Ne2 Nf8 15.Bb2 Ne3
16.Qd3 Nxf1 17.Kxf1 a4 18.Bc1 axb3 19.axb3 f5 20.Be3 fxe4 21.fxe4 Qd8 22.Nf3 Bg4
23.Rbd1 Bxf3 24.gxf3 Qh4 25.Kg1 Be5 26.f4 Qg4+ 27.Ng3 Bxf4 28.Bxf4 Qxf4 29.Qxd6 Qh4
30.Rf1 Red8 31.Qc7 Ra2 32.h3 Rda8 33.Rd3 Qxh3 34.Qf7+ Kh8 35.Qf6+ Kg8 36.Qf7+  1/2-1/2

[Event "12th Liberec Open"]
[Site "Liberec CZE"]
[Date "2011.10.28"]
[Round "8"]
[White "Kucera,P3"]
[Black "Moehn,H"]
[Result "1/2-1/2"]
[WhiteElo "2158"]
[BlackElo "2064"]

1.d4 Nf6 2.Nf3 g6 3.c4 Bg7 4.Nc3 O-O 5.e4 d6 6.Be2 e5 7.dxe5 dxe5 8.Qxd8 Rxd8
9.Bg5 Rf8 10.Nd5 Nxd5 11.cxd5 c6 12.Bc4 b5 13.Bb3 Bb7 14.Rc1 a5 15.dxc6 Bxc6
16.Nd2 a4 17.Bc2 Na6 18.O-O f6 19.Be3 Rfc8 20.a3 Be8 21.Bd3 Bf8 22.Nb1 Nc5
23.Bxc5 Bxc5 24.Nc3 Bd4  1/2-1/2

[Event "Chinese League"]
[Site "Qingdao CHN"]
[Date "2011.10.28"]
[Round "15"]
[White "Zhou Jianchao"]
[Black "Ding,L"]
[Result "1/2-1/2"]
[WhiteElo "2660"]
[BlackElo "2637"]

1.d4 Nf6 2.c4 g6 3.Nc3 Bg7 4.e4 d6 5.Nf3 O-O 6.Be2 e5 7.O-O exd4 8.Nxd4 Re8
9.f3 c6 10.Kh1 Nh5 11.g4 Nf6 12.Bf4 h5 13.g5 Nh7 14.Qd2 Nd7 15.Rg1 Ne5 16.Rad1 a6
17.a3 Nf8 18.Be3 Rb8 19.b4 Bd7 20.a4 Rc8 21.Rc1 c5 22.bxc5 dxc5 23.Nb3 Ne6
24.Rgd1 Bc6 25.Qa2 Nd7 26.Nd5 Nd4 27.Nxd4 cxd4 28.Bxd4 Bxd4 29.Rxd4 Qxg5
30.Rg1 Qe5 31.Qd2 Nc5 32.f4 Qg7 33.Qe3 Bxa4 34.f5 Bc2 35.f6 Qf8 36.e5 Nd7
37.Ne7+ Rxe7 38.fxe7 Qxe7 39.e6 Nf6 40.exf7+ Kxf7 41.Qxe7+  1/2-1/2

[Event "Frauenbundesliga 2011-12"]
[Site "Germany GER"]
[Date "2011.10.29"]
[Round "1.4"]
[White "Schlein, Julia"]
[Black "Kiefhaber, Veronika"]
[Result "0-1"]
[WhiteElo "2157"]
[BlackElo "2217"]

1.d4 Nf6 2.c4 g6 3.Nc3 Bg7 4.e4 d6 5.Nf3 O-O 6.Be2 Na6 7.O-O e5 8.a3 Qe8
9.dxe5 dxe5 10.b4 c6 11.Qc2 Bg4 12.c5 Nc7 13.Nd2 Ne6 14.Bxg4 Nxg4 15.Nc4 Qe7
16.f3 Nd4 17.Qb2 Nf6 18.Be3 Nh5 19.Ne2 Rfd8 20.Rad1 Nxe2+ 21.Qxe2 Bf6 22.Rd6 Rxd6
23.cxd6 Qe6 24.Rd1 Bd8 25.Qc2 Nf6 26.Bg5 Nd7 27.Bxd8 Rxd8 28.Na5 Rb8 29.Qf2 Nb6
30.d7 Rd8 31.Nxb7 Rxd7 32.Rxd7 Qxd7 33.Nc5 Qd1+ 34.Qf1 Qd4+ 35.Kh1 Nc4 36.h3 Nxa3
37.Qa6 Nc2 38.Qxa7 Ne3 39.Qa4 Qd2 40.Qa8+ Kg7  0-1

[Event "33rd Arco Open"]
[Site "Arco ITA"]
[Date "2011.10.30"]
[Round "9"]
[White "Kern,B"]
[Black "Tencheni,Maurizio"]
[Result "1/2-1/2"]
[WhiteElo "1691"]
[BlackElo "1647"]

1.d4 Nf6 2.c4 g6 3.Nc3 Bg7 4.Nf3 d6 5.e4 O-O 6.Be2 Nbd7 7.O-O e5 8.dxe5 Nxe5
9.Nxe5 dxe5 10.Qc2 c6 11.Be3 Qe7 12.Na4 Nd7 13.c5 f5 14.f3 Nf6 15.b4 fxe4
16.fxe4 Ng4 17.Rxf8+ Bxf8 18.Bxg4 Bxg4 19.Rf1 Rd8 20.h3 Be6 21.a3 Qd7 22.Nb2 Bg7
23.Rd1 Qe7 24.Rf1 Rf8 25.Rxf8+ Bxf8 26.Nc4 Bxc4 27.Qxc4+ Qf7 28.Qxf7+ Kxf7
29.g4 Be7 30.Kg2 Bh4 31.Bf2 Bg5 32.a4 Bd2 33.b5 Ke6 34.Kf1 Bc3 35.Ke2 h6
36.Kd3 Ba5 37.Kc4 Bc7 38.Be3 h5 39.Kd3 Kd7 40.Kc4 Ke6  1/2-1/2

[Event "US Chess League 2011"]
[Site "ICC INT"]
[Date "2011.10.31"]
[Round "10"]
[White "Banawa,Jou"]
[Black "Naroditsky,D"]
[Result "1/2-1/2"]
[WhiteElo "2300"]
[BlackElo "2472"]

1.d4 Nf6 2.c4 g6 3.Nc3 Bg7 4.e4 d6 5.Nf3 O-O 6.Be2 Na6 7.O-O e5 8.Be3 c6
9.d5 Ng4 10.Bg5 f6 11.Bc1 c5 12.a3 Nh6 13.Rb1 Nf7 14.Ne1 f5 15.Nd3 Bd7 16.Kh1 Rc8
17.Bd2 Bf6 18.Rc1 Bg5 19.f4 exf4 20.Nxf4 Bxf4 21.Bxf4 g5 22.Bxd6 Nxd6 23.e5 Nc7
24.exd6 Ne8 25.Bd3 Nxd6 26.Qf3 Qf6 27.Rfe1 Rce8 28.Qf2 b6 29.b4 Rxe1+ 30.Qxe1 Re8
31.Qf2 f4 32.bxc5 bxc5 33.Qxc5 Re3 34.Bf1 Rxc3 35.Rxc3 Qxc3 36.Qxd6 Qe1 37.Kg1 Qe3+
38.Kh1 Qe1 39.Kg1 Qe3+ 40.Kh1  1/2-1/2

[Event "15th OIBM"]
[Site "Bad Wiessee GER"]
[Date "2011.11.03"]
[Round "6.24"]
[White "Weber,U"]
[Black "De Heer,P"]
[Result "1-0"]
[WhiteElo "2406"]
[BlackElo "2049"]

1.Nf3 Nf6 2.d4 g6 3.c4 Bg7 4.Nc3 O-O 5.e4 d6 6.Be2 e5 7.Be3 Qe7 8.dxe5 dxe5
9.Nd5 Nxd5 10.cxd5 Qb4+ 11.Nd2 f5 12.Rc1 b6 13.f3 fxe4 14.O-O Ba6 15.fxe4 Qxb2
16.Rxf8+ Bxf8 17.Rxc7 Qa3 18.Nb3 Bd6 19.Rc2 Qb4 20.Nd2 Qa3 21.Bf2 Nd7 22.Bxa6 Qxa6
23.Nc4 b5 24.Nxd6 Qxd6 25.Rc6 Qb4 26.Qc2 Rf8 27.Rc8 Rxc8 28.Qxc8+ Nf8 29.Qc2 a5
30.h3 a4 31.Bc5 Qe1+ 32.Kh2 Nd7 33.Bf2 Qf1 34.Qc8+ Nf8 35.Bg3 Qe2 36.d6 Qd3
37.Bxe5 b4 38.Qe8 b3 39.Qe7  1-0

[Event "1st Novara Open A"]
[Site "Novara ITA"]
[Date "2011.11.05"]
[Round "2"]
[White "Medici,Simone"]
[Black "Faraoni,E"]
[Result "1-0"]
[WhiteElo "2090"]
[BlackElo "2109"]

1.d4 Nf6 2.c4 g6 3.Nc3 Bg7 4.e4 d6 5.Nf3 O-O 6.Be2 e5 7.d5 a5 8.O-O Na6 9.a3 Nc5
10.Qc2 a4 11.Be3 b6 12.Nd2 Nfd7 13.Bg4 f5 14.exf5 Nf6 15.Bh3 Nh5 16.fxg6 Bxh3
17.gxh7+ Kh8 18.gxh3 Qh4 19.Qg6 Qxh3 20.Nde4 Rf4 21.f3 Nxe4 22.Nxe4 Rxf3
23.Nf2 Rxf2 24.Bxf2 Nf4 25.Qe4 Qb3 26.Rab1 Rf8 27.Bg3 Bh6 28.Bxf4 Bxf4 29.Kh1 Qh3
30.Rf2 Rf7 31.Qg6 Rg7 32.Qe8+ Kxh7 33.Rbf1 Be3 34.Qxa4 Bxf2 35.Qc2+ Kg8 36.Qxf2 Qg4
37.Qf8+ Kh7 38.Qf5+ Qxf5 39.Rxf5 Kg6 40.Rf3 Rh7 41.Kg2 Rh4 42.b3 Rd4 43.Kg3 Kg5
44.h3 e4 45.h4+ Kg6 46.Rf4 Rd3+ 47.Kg4 e3 48.h5+ Kh6 49.Rf6+ Kg7 50.Re6 Rxb3
51.h6+ Kh8 52.Kg5 e2 53.Rxe2 Rg3+ 54.Kf5 Rxa3 55.Re8+ Kh7 56.Re7+ Kxh6 57.Rxc7 Rc3
58.Rc6 Kg7 59.Ke6 Kg6 60.Kxd6 Kf6 61.Kc7+  1-0

[Event "1st Panama Open"]
[Site "Panama City PAN"]
[Date "2011.11.05"]
[Round "6.21"]
[White "Fernandez,AL"]
[Black "Martinez Romero,M"]
[Result "1/2-1/2"]
[WhiteElo "2117"]
[BlackElo "2343"]

1.d4 Nf6 2.c4 g6 3.Nc3 Bg7 4.e4 d6 5.Be2 O-O 6.Nf3 e5 7.dxe5 dxe5 8.Qxd8 Rxd8
9.Bg5 Re8 10.Nd5 Nxd5 11.cxd5 c6 12.Bc4 cxd5 13.Bxd5 Nc6 14.O-O Be6 15.Rfd1 Nd4
16.Bxe6 Rxe6 17.Kf1 Rc8 18.Rac1 Rec6 19.Rxc6 Rxc6 20.Rc1 Rxc1+ 21.Bxc1 Nxf3
22.gxf3  1/2-1/2

[Event "TCh-BEL 2011-12"]
[Site "Eupen BEL"]
[Date "2011.11.06"]
[Round "3.6"]
[White "Bertrem,S"]
[Black "Ahn,M"]
[Result "1/2-1/2"]
[WhiteElo "2223"]
[BlackElo "2290"]

1.d4 Nf6 2.c4 g6 3.Nc3 Bg7 4.e4 d6 5.Nf3 O-O 6.Be2 e5 7.O-O Nh5 8.g3 Bg4
9.dxe5 dxe5 10.Qxd8 Rxd8 11.Be3 Nc6 12.Nd5 Rd7 13.Kg2 Nf6 14.h3 Bxf3+  1/2-1/2

[Event "1st Panama Open"]
[Site "Panama City PAN"]
[Date "2011.11.06"]
[Round "7.25"]
[White "Fernandez,AL"]
[Black "Ortiz,Ma"]
[Result "1-0"]
[WhiteElo "2117"]
[BlackElo "2186"]

1.d4 Nf6 2.c4 g6 3.Nc3 Bg7 4.e4 d6 5.Be2 O-O 6.Nf3 Na6 7.O-O e5 8.dxe5 dxe5
9.h3 c6 10.Be3 Qe7 11.a3 Nc5 12.Qc2 Nh5 13.Rfe1 f5 14.b4 Nxe4 15.Nxe4 fxe4
16.Nd2 Nf4 17.Nxe4 Bf5 18.Bf1 Rfd8 19.Kh2 h5 20.g3 Ne6 21.Bg2 Nd4 22.Qa2 Qf8
23.Ng5 Kh8 24.c5 Rd7 25.Rac1 a5 26.Bxd4 exd4 27.b5 Rc8 28.bxc6 bxc6 29.Qc4 Qf6
30.h4 d3 31.Rcd1 d2 32.Re3 Rd4 33.Qe2 Rcd8 34.Re8+ Rxe8 35.Qxe8+ Qf8 36.Qe3 Rd3
37.Qe2 Qxc5 38.Rxd2 Rxd2 39.Qxd2 Bd4 40.Bxc6 Qc3 41.Qf4 Qxc6 42.Qxd4+ Kg8
43.Qd8+  1-0